000 01089na a2200349 4500
001 14583
003 MIRAKIL
005 20181213155309.0
008 161101b tu 000 0
020 _a9756176644
035 _a14583
040 _aMilas
_btur
_cTR-AnCHP
041 _atur
082 _a305.4
_bN25 2006
090 _a305.4 N25 2006
245 _aNamus adına şiddet
_bkuramsal ve siyasal yaklaşımlar
_cderleyenler Shahrzad Mojab , Nahla Abdo ; çeviren Güneş Kömürcüler
260 _aİstanbul
_bİstanbul Bilgi Üniversitesi Yayınları
_c2006
300 _a266 s.
_c23 sm.
490 _aSosyoloji
_v5
490 _aİstanbul Bilgi Üniversitesi yayınları
_v144
504 _aKaynakça ve dizin var.
650 _aAile içi şiddet
650 _aKadınlar
_xHak ihlali
650 _aNamus cinayetleri
650 _aTöre cinayetleri
_zİsveç
650 _aTöre cinayetleri
_zİsrail
650 _aTöre cinayetleri
_zTürkiye
700 _aKömürcüler, Güneş
700 _aAbdo, Nahla
700 _aMojab, Shahrzad
942 _2ddc
_cBKS
999 _c10163
_d10163